Rheinsberg : ein Bilderbuch für Verliebte /

Hlavní autor: Tucholsky, Kurt, 1890-1935
Jazyk: Němčina
Vydáno: Reinbek bei Hamburg : Rowohlt, 1995
Témata:
Fyzický popis: 112 s.
Knihy
Uloženo v:
LEADER 00706nam a2200217 a 4500
001 000983752
003 CZ BrMZK
005 20140505110334.0
007 ta
008 010825s1995 gw f 000 0 ger d
020 |a 3-498-09824-1 
040 |a BOA001  |b cze 
100 1 |a Tucholsky, Kurt,  |d 1890-1935  |7 jn19990008639  |4 aut 
245 1 0 |a Rheinsberg :  |b ein Bilderbuch für Verliebte /  |c Kurt Tucholsky 
260 |a Reinbek bei Hamburg :  |b Rowohlt,  |c 1995 
300 |a 112 s. 
655 7 |a romány  |7 fd133289  |2 czenas 
910 |a BOA001  |b NK-0000.571 
990 |a BK 
991 |z 000009791  |x 44 
996 7 |b 261D000214  |c NK-0000.571  |l Německá knihovna/2.patro  |r ZHR  |n 17  |p {B-00.571}  |h B-tuc  |w 000983752  |u 000010  |a 0  |e BOA001  |j MZK50  |s A